000 00844naa a22002537a 4500
001 vtls000028212
003 ES-BaIT
005 20260415173059.0
007 t|
008 111114s1998 spc|||||| |00| |cat|d
010 _a28212
035 _a0028-21260
039 9 _a201403072317
_bVLOAD
_c201303092013
_dVLOAD
_c201111141540
_dVLOAD
041 1 _acat
_hger
100 1 _aSchnitzler, Arthur,
_d1862-1931
_945679
240 1 0 _aAbschiedssouper.
_lCatalà
245 1 0 _aSopar de comiat /
_cArthur Schnitzler ; traducció de Feliu Formosa
500 _aP4: D1, H3
500 _aForma part de: Anatol
773 0 _aSchnitzler, Arthur /
_dBarcelona : Institut del Teatre, Diputació de Barcelona, 1998
_wvtls000028092
_z84-7794-540-3
_024434
_tAnatol ; La megalomania d'Anatol
790 _w0028-09260
790 _a002809260
942 _cART
_2udc
999 _c24551
_d24551